1071 1586 1436 1507 1888 1131 1725 1184 1316 1651 1300 1972 1399 1040 1184 1742 1551 1849 1632 1738 1080 1809 1850 1694 1056 1391 1320 1979 1655 1314 1862 1095 1384 1400 1299 1535 1007 1184 1337 1024 1221 1750 1778 1262 1748 1272 1632 1021 1310 1031 1561 1989 1911 1427 1050 1641 1867 1814 1118 1076 1652 1475 1715 1299 1920 1634 1897 1048 1795 1055 1927 1117 1086 1437 1006 1071 1861 1942 1044 1601 1571 1444 1858 1275 1969 1498 1027 1688 1546 1319 1638 1210 1939 1074 1392 1947 1911 1431 1884 BCNSPRNW ULIB Ver.6.0+V

เปลี่ยนเป็นภาษาไทย

Change to English
 แสดงรายละเอียดบรรณานุกรม
  กลับหน้าหลัก

Brief Record : Get Marc (ISO 2709) : E-mail record : QR code < ปิดหน้าต่าง
LEADER : 00000nas 2200000uu 4500
001    13399124969
003     ULIB
008    160526s||||||||th 000 0 tha d
022 0  1905-7075
110 1  สำนักงานวารสาร ศูนย์อนามัยที่ 9 นครราชสีมา
245 00 วารสารศูนย์อนามัยที่ 9
246 0  วารสารส่งเสริมสุขภาพและอนามัยสิ่งแวดล้อม
310    ^aรายสี่เดือน
850 ^a ULIB^bปีที่ 9 ฉบับที่ 20 ฉ.1 ;ปีที่ 10 ฉบับที่ 21 ฉ.1 ;ปีที่ 10 ฉบับที่ 22 ฉ.1 ;ปีที่ 10 ฉบับที่ 23 ฉ.1 ;ปีที่ 11 ฉบับที่ 24 ฉ.1
856    http://hpc9.anamai.moph.go.th/main.php?filename=Strategic_Plan_05
945    ^p0^l0^i903818
945    ^p0^l0^i904023
945    ^p0^l0^i904055
945    ^p0^l0^i904427
945    ^p0^l0^i904617
999    ^aวรรณษา ชูชัยมงคล
รายการนี้ยังไม่มีแท็ก
คุณยังไม่ได้ล็อกอิน คุณสามารถมีกิจกรรมร่วมกับเว็บไซต์ได้ แต่ต้องล็อกอินก่อน ::
  ล็อกอิน

รายการสื่อสารสนเทศ (วารสาร)

ดูแบบ: กล่อง รายการ
ARRIVED
ปีที่ 9 ฉบับที่ 20 ฉ.1
สถานที่: ห้องสมุดวิทยาเขตสวรรค์ประชารักษ์ >หนังสือพิมพ์
ARRIVED
ปีที่ 10 ฉบับที่ 21 ฉ.1
สถานที่: ห้องสมุดวิทยาเขตสวรรค์ประชารักษ์ >หนังสือพิมพ์
ARRIVED
ปีที่ 10 ฉบับที่ 22 ฉ.1
สถานที่: ห้องสมุดวิทยาเขตสวรรค์ประชารักษ์ >หนังสือพิมพ์
ARRIVED
ปีที่ 10 ฉบับที่ 23 ฉ.1
สถานที่: ห้องสมุดวิทยาเขตสวรรค์ประชารักษ์ >หนังสือพิมพ์
ARRIVED
ปีที่ 11 ฉบับที่ 24 ฉ.1
สถานที่: ห้องสมุดวิทยาเขตสวรรค์ประชารักษ์ >วารสาร
รายการใกล้เคียง
    ชื่อเรื่อง [วารสารศูนย์อนามัยที่ 9]

BibComment


ยังไม่เคยถูกคอมเมนท์

คอมเมนท์ทรัพยากรรายการนี้
  คอมเมนท์: วารสารศูนย์อนามัย..


 Copyright 2026. Bcnsprnw @Library